Mejoramiento y racionalización de las arenas de Motastepe
Presenta un estudio para el mejoramiento abordando los resultados de una recopilacion y sintesis obtenidos acerca de la cantera Mostatepe con el fin de aumentar la vida util del yacimiento por medio de la versificacion del uso del material y la implementacion del nuevo sistema de extraccio.
| Main Author: | |
|---|---|
| Other Authors: | |
| Format: | Tesis Section = Libro |
| Language: | Undetermined Spanish |
| Published: |
Managua
UNI
1988
|
| Subjects: |
| LEADER | 00900nam a2200217Ia 4500 | ||
|---|---|---|---|
| 008 | 240830s9999 xx 000 0 und d | ||
| 040 | |a BIBLIOTECA-RUSB/ Mon 691.2 Z49 | ||
| 041 | |a spa | ||
| 082 | |a Mon 691.2 Z49 | ||
| 100 | 1 | |a Zeledón V, Magdalena | |
| 245 | 1 | 0 | |a Mejoramiento y racionalización de las arenas de Motastepe |
| 260 | |a Managua |b UNI |c 1988 | ||
| 300 | |a 45 p. :il. | ||
| 502 | |a Tesis (Ingeniero Industrial) - UNI, 1988. | ||
| 520 | 3 | |a Presenta un estudio para el mejoramiento abordando los resultados de una recopilacion y sintesis obtenidos acerca de la cantera Mostatepe con el fin de aumentar la vida util del yacimiento por medio de la versificacion del uso del material y la implementacion del nuevo sistema de extraccio. | |
| 650 | 7 | |a MATERIALES DE construcción ARENA | |
| 650 | 7 | |b INGENIERIA INDUSTRIAL | |
| 700 | 1 | |a Tutor: | |
| 942 | |c BK |2 ddc | ||
| 991 | |a TESIS | ||
| 999 | |c 20798 | ||